| 000 | 01098cam a2200277 a 4500 | ||
|---|---|---|---|
| 001 | 14899533 | ||
| 005 | 20080911155451.0 | ||
| 008 | 070621s2008 caua b 001 0 eng | ||
| 010 | _a2007931481 | ||
| 020 | _a9781412929622 (hbk) | ||
| 020 | _a9781412929639 (pbk) | ||
| 040 |
_aDLC _cDLC |
||
| 050 | 0 | 0 |
_aLB2395 _b.P75 2008 |
| 082 |
_222 _a378.170281 _bPRI |
||
| 100 | 1 |
_aPritchard, Alan, _d1941- _95124 |
|
| 245 | 1 | 0 |
_aStudying and Learning at University : _bVital Skills for Success in Your Degree / _cAlan Pritchard. |
| 260 |
_aLos Angeles, CA : _bSage Publications, _cC2008. |
||
| 300 |
_a216 p. : _bill. ; _c25 cm. |
||
| 440 | 0 |
_aSage study skills _95125 |
|
| 504 | _aIncludes bibliographical references (p. [212]-213) and index. | ||
| 650 | 0 |
_aStudy skills. _95126 |
|
| 650 | 0 |
_aCollege student orientation. _95127 |
|
| 942 |
_2ddc _cBB |
||
| 999 |
_c11617 _d11617 |
||